| 000 | 00599cam a22002053a 4500 | ||
|---|---|---|---|
| 001 | 39313 | ||
| 003 | PGUSA | ||
| 005 | 20140828083855.0 | ||
| 008 | 120331s2012||||xxu|||||s|||||000 | eng d | ||
| 040 |
_aPGUSA _beng |
||
| 042 | _adc | ||
| 100 | 1 |
_aHoare, Edward, _d1812-1894 |
|
| 245 | 1 | 0 |
_aRome and Turkey in Connexion with the Second Advent _h[electronic resource] / _cEdward Hoare |
| 260 |
_bProject Gutenberg, _c2012 |
||
| 506 | _aPublic domain in the USA. | ||
| 516 | _aElectronic text | ||
| 830 | 0 |
_aProject Gutenberg _v39313 |
|
| 856 | 4 | 0 | _uhttp://www.gutenberg.org/ebooks/39313 |
| 942 | _cEB | ||
| 999 |
_c268566 _d268566 |
||